| 000 | 00717nam a2200253 a 4500 | ||
|---|---|---|---|
| 999 |
_c62630 _d62630 |
||
| 001 | 62630 | ||
| 003 | Mx-PuUPA | ||
| 005 | 20240930160457.0 | ||
| 008 | 150519s2011 sp 000 0 spa d | ||
| 020 | _a978-84-7509-830-2 | ||
| 040 | _cMx-PuUPA | ||
| 082 | 0 |
_a616.89156 _bNAV |
|
| 100 | 1 |
_aNavarro Góngora, José, _eautor _9544 |
|
| 245 | 1 | 0 |
_aTécnicas y programas en terapia familiar / _cJosé Navarro Góngora. |
| 250 | _a1a. edición | ||
| 300 |
_a329 páginas ; _c22 cm. |
||
| 336 |
_atexto _2rdacontent |
||
| 337 |
_asin mediación _2rdamedia |
||
| 338 |
_avolumen _2rdacarrier |
||
| 490 | 0 |
_aPaidós Terapia Fmiliar _v54 |
|
| 500 | _acolección CEFAS | ||
| 650 | 4 | _aTerapia Familiar | |
| 942 |
_2ddc _cLI |
||